| 000 -LEADER |
| fixed length control field |
00422cam a22001335i 4500 |
| 020 ## - INTERNATIONAL STANDARD BOOK NUMBER |
| ISBN |
9789996310010 |
| 040 ## - CATALOGING SOURCE |
| Transcribing agency |
DLC |
| 082 ## - DEWEY DECIMAL CLASSIFICATION NUMBER |
| Classification number |
890 VAN 2010 A096 Or. |
| 100 1# - MAIN ENTRY--AUTHOR NAME |
| Personal name |
Pellini, Arnaldo, |
| 245 10 - TITLE STATEMENT |
| Title |
Engaging for the environment : |
| Remainder of title |
the contribution of social capital to community-based natural resource management in Cambodia / |
| 300 ## - PHYSICAL DESCRIPTION |
| Number of Pages |
112 pages ; |
| Dimensions |
25 cm |
| 710 2# - ADDED ENTRY--CORPORATE NAME |
| Corporate name or jurisdiction name as entry element |
Learning Institute (Cambodia), |
| 942 ## - ADDED ENTRY ELEMENTS (KOHA) |
| Koha item type |
សៀវភៅភាសាអង់គ្លេស |
| 952 ## - LOCATION AND ITEM INFORMATION (KOHA) |
| Withdrawn status [LOCAL, KOHA] |
0 |